000 01375nam0a22002771 4500
001 rc\3428691
005 20130115141621.0
021 _aRU
_b[70-27168]
035 _a(NLR Aleph) 007585268
090 _a5551606
_c5551606
100 _a20130115d1970 |||y0rusy50 ca
101 0 _arus
102 _aRU
105 _aa z |||||
200 1 _aЗамоноличивание стыков сборно-монолитных железобетонных резервуаров
_fГосстрой СССР. Центр. науч.-исслед. и проектно-эксперим. ин-т организации, механизации и техн. помощи строительству. ЦБТИ
210 _aМосква
_cСтройиздат
_d1970
215 _a17 с.
_cил.
_d21
300 _aАвт. указан на 2-й с. обл.: инж. С.И. Гринман
606 _aРезервуары железобетонные, сборно-монолитные
_xГерметизация
_2psbo
700 1 _aГринман
_bС. И.
_gСемен Израилевич
712 0 2 _aНауч.-исслед. ин-т организации, механизации и техн. помощи строительству
_cМосква
_3RU\NLR\AUTH\886864
801 0 _aRU
_bNLR
_gpsbo
801 1 _aRU
_bELAR
_2rusmarc
852 _aNLR
_j70-6/2075
942 _cBOOK
980 _aNB